Los encofrados, la modulación y reutilización
Na minha lista:
| Autor principal: | |
|---|---|
| Outros Autores: | |
| Formato: | Livro |
| Publicado em: |
San José, Costa Rica
1996
|
| Assuntos: | |
| Tags: |
Adicionar Tag
Sem tags, seja o primeiro a adicionar uma tag!
|
MARC
| LEADER | 00000nam a2200000Ia 4500 | ||
|---|---|---|---|
| 003 | 007977 | ||
| 005 | 20240821135623.0 | ||
| 008 | 140114s1996 cr a m 000 ||s d | ||
| 040 | |c cru CEDI | ||
| 090 | |a TFG 3502 | ||
| 100 | |a Echandi Meza, Carlos Alberto, 1953- |9 3577 | ||
| 245 | |a Los encofrados, la modulación y reutilización | ||
| 260 | |a San José, Costa Rica |c 1996 | ||
| 300 | |a [170] hojas : ilustraciones | ||
| 500 | |a Trabajo de graduación (licenciatura en ingeniería civil)--Universidad de Costa Rica. Facultad de Ingeniería. Escuela de Ingeniería Civil | ||
| 501 | |a Director de Trabajo de Graduación: Ing. Eugenio Odio González | ||
| 650 | |x CONSTRUCCIONES DE HORMIGON - ENCOFRADO |9 9852 | ||
| 700 | |a Odio González, Eugenio, 1966- |d Director del TFG |9 1797 | ||
| 942 | |c TFG |h TFG 3502 |i 007977 |6 TFG_3502_007977000000000 | ||
| 999 | |c 18989 |d 18989 | ||
